Statistiques concernant 10 pays producteurs de fromage

Cliquez ici pour prendre le quiz!

Statistiques générales

  • Ce quiz a été pris 403 fois
  • Le résultat moyen est 7 sur 10

Statistiques - réponses

Production (en milliers de tonnes)Pays% Correct
1947France
100%
1158Italie
96%
2161Allemagne
91%
793Pays-Bas
80%
713Russie
80%
5036Etats-Unis
79%
722Brésil
64%
732Pologne
61%
556Argentine
60%
599Egypte
19%

Distribution des résultats

Percentile par nombre de réponses

% des personnes avec chaque résultat

Votre développement - résultats

Vous n’avez pas pris ce quiz